书目信息 |
| 题名: |
工程建设行业建立质量环境职业健康安全整合型管理体系实务
|
|
| 作者: | 钱寅星 编著 | |
| 分册: | ||
| 出版信息: | 北京 中国标准出版社 2004.06 |
|
| 页数: | 188页 | |
| 开本: | 26cm | |
| 丛书名: | ||
| 单 册: | ||
| 中图分类: | X32 | |
| 科图分类: | ||
| 主题词: | 环境管理 | |
| 电子资源: | ||
| ISBN: | 7-5066-3460-0 | |
| 000 | 00719 nam 000217 | |
| 001 | 012000000894 | |
| 005 | 20070901102228.57 | |
| 010 | @a7-5066-3460-0@dCNY30.00 | |
| 100 | @a20070715d2004 em y0chiy0121 ea | |
| 101 | @achi | |
| 102 | @aCN@b110000 | |
| 105 | @ay z 000yy | |
| 200 | 10 | @a工程建设行业建立质量环境职业健康安全整合型管理体系实务@9gong cheng jian she hang ye jian li zhi liang huan jing zhi ye jian kang an quan zheng he xing guan li ti ji shi wu@f钱寅星编著@Fqian yin xing bian zhu |
| 210 | @a北京@c中国标准出版社@d2004.06 | |
| 215 | @a188页@d26cm | |
| 606 | @a环境管理 | |
| 690 | @aX32@v4 | |
| 701 | 0 | @a钱寅星@9qian yin xing@4编著 |
| 801 | @aCN@c20070901 | |
| 901 | @a000001 | |
| 905 | @dX32@eQ260 | |
| 工程建设行业建立质量环境职业健康安全整合型管理体系实务/钱寅星编著.-北京:中国标准出版社,2004.06 |
| 188页;26cm |
| ISBN 7-5066-3460-0:CNY30.00 |
| ● |
| 相关链接 |
|
|
|
正题名:工程建设行业建立质量环境职业健康安全整合
索取号:X32/Q260
 
预约/预借
| 序号 | 登录号 | 条形码 | 馆藏地/架位号 | 状态 | 备注 |
| 1 | 642512 | 206425126 | 自科库501/501自科库 65排6列2层/ [索取号:X32/Q260] | 在馆 | |
| 2 | 642513 | 206425135 | 自科库501/501自科库 65排6列2层/ [索取号:X32/Q260] | 在馆 |